Power lines fear (Record no. 56173)
[ view plain ]
| 000 -LEADER | |
|---|---|
| fixed length control field | 00921cab a2200229 4500 |
| 001 - CONTROL NUMBER | |
| control field | WB3438-18 |
| 008 - FIXED-LENGTH DATA ELEMENTS--GENERAL INFORMATION | |
| fixed length control field | 090401t1998 xxu||||| |||| 00| 0 eng d |
| 035 ## - SYSTEM CONTROL NUMBER | |
| System control number | (Sirsi) u88833 |
| 041 ## - LANGUAGE CODE | |
| Language code of text/sound track or separate title | eng |
| 245 ## - TITLE STATEMENT | |
| Title | Power lines fear |
| 260 ## - PUBLICATION, DISTRIBUTION, ETC. | |
| Date of publication, distribution, etc. | 1998 |
| 350 ## - PRICE (NR) (BK AM CF MU VM SE) [OBSOLETE] | |
| Price | 0 |
| 490 ## - SERIES STATEMENT | |
| Series statement | Planning (for the Natural and Built Environment) |
| Volume/sequential designation | (1288) 2 October 1998, 2(1) |
| 520 ## - SUMMARY, ETC. | |
| Summary, etc. | Pressure for a ban on new housing near overhead power lines is mounting following recent research carried out by Professor Denis Henshaw at the University of Bristol linking the interaction of traffic pollutants with electromagnetic fields around power lines . A draft government circular on development near power lines is expected later in 1998. |
| 650 ## - SUBJECT ADDED ENTRY--TOPICAL TERM | |
| Topical term or geographic name entry element | CANCER |
| 650 ## - SUBJECT ADDED ENTRY--TOPICAL TERM | |
| Topical term or geographic name entry element | ELECTRICITY PYLONS |
| 650 ## - SUBJECT ADDED ENTRY--TOPICAL TERM | |
| Topical term or geographic name entry element | ELECTROMAGNETIC FIELDS |
| 650 ## - SUBJECT ADDED ENTRY--TOPICAL TERM | |
| Topical term or geographic name entry element | HEALTH HAZARDS |
| 690 ## - LOCAL SUBJECT ADDED ENTRY--TOPICAL TERM (OCLC, RLIN) | |
| Topical term or geographic name as entry element | ECONOMIC AND SOCIAL |
| 942 ## - ADDED ENTRY ELEMENTS (KOHA) | |
| Suppress in OPAC | 0 |
| 948 ## - LOCAL PROCESSING INFORMATION (OCLC); SERIES PART DESIGNATOR (RLIN) | |
| c (OCLC) | 06/10/1998 |
| Withdrawn status | Lost status | Source of classification or shelving scheme | Damaged status | Not for loan | Home library | Current library | Shelving location | Date acquired | Total Checkouts | Full call number | Barcode | Date last seen | Copy number | Price effective from | Koha item type |
|---|---|---|---|---|---|---|---|---|---|---|---|---|---|---|---|
| Dewey Decimal Classification | London | London | News article | 14/09/1999 | WB3438-18 | 88833-1001 | 06/08/2019 | 1 | 06/08/2019 | News article |